000 00534nam a2200193Ia 4500
005 20250508154026.0
008 008 250505s9999 xx 000 0 eng d
020 _a0-02-900310-5
037 _aReference
040 _aFEDL
_beng
_cFEDL
041 _aeng
_2eng
084 _a001.42, MOU
_qFEDL
100 _aMouly George J
245 0 _aScience of educational research
260 _aNew Delhi, India
_bEurasia Publishing House
_c1964
300 _a515p.
942 _cREF
_h001.42, MOU
999 _c1347126
_d1347126